Neuroanatomía - Estadísticas

Estadísticas generales
  • Esta prueba ha sido intentada 47 veces
    35 desde el último reinicio
  • La puntuación promedio es 4 de 16
Estadísticas de respuestas
Imagen Respuesta % Correcto
Cápsula interna
100%
Fórnix
100%
ínsula
100%
Lóbulo occipital
100%
Lóbulo parietal
100%
Lóbulo temporal
100%
Uncus
100%
Cuerpo calloso
80%
Giro del cíngulo
67%
Hipófisis
67%
Tercer ventrículo
67%
Lóbulo límbico
60%
Surco de Rolando/central
60%
Esplenio del cuerpo calloso
50%
Giro occipitotemporal medial
50%
Hipocampo
50%
Lóbulo frontal
50%
Espacio perforado anterior
33%
Giro subcalloso
33%
Núcleo rojo
33%
Putamen
33%
Tálamo
33%
Claustro
25%
Giro frontal inferior
25%
Giro fusiforme
25%
Giro precentral
25%
Giro recto
25%
Habénula
25%
Núcleo caudado
25%
Pedúnculo cerebeloso
25%
Surco longitudinal
25%
Cóliculo inferior
20%
Giro orbitario
20%
Surco central de la ínsula
17%
Bulbo olfatorio
0%
Cápsula externa
0%
Cápsula extrema
0%
Cóliculo superior
0%
Cuerpo geniculado lateral
0%
Cuerpo geniculado medial
0%
Cuerpos mamilares
0%
Cuña
0%
Fimbria del hipocampo
0%
Giro colateral
0%
Giro dentado
0%
Giro frontal medio
0%
Giro frontal superior
0%
Giro lingual
0%
Giro opercular
0%
Giro paracentral
0%
Giro parahipocampal
0%
Giro postcentral
0%
Giro temporal medio
0%
Giro temporal superior
0%
Giro triangular
0%
Glándula pineal
0%
Globo pálido externo
0%
Globo pálido interno
0%
Hipocampo
0%
Lóbulo de la insula
0%
Núcleo subtálamico
0%
Opérculo frontal
0%
Opérculo parietal
0%
Opérculo temporal
0%
Pedúnculo cerebral
0%
Plexo coroideo (del tercer ventrículo)
0%
Polo frontal
0%
Precuña
0%
Quiasma óptico
0%
Septo pelúcido
0%
Surco calcarino
0%
Surco cingular
0%
Surco del cuerpo calloso
0%
Surco de Silvio/lateral
0%
Surco olfatorio
0%
Surco parietooccipital
0%
Surco temporal inferior
0%
Surco temporal superior
0%
Sustancia nigra
0%
Tracto olfatorio
0%
Tronco del cuerpo calloso
0%
Ventrículos laterales
0%
No se encontraron pruebas coincidentes
Distribución de puntuación
Porcentaje de gente con cada puntuación
Porcentaje por número respondido
Historial de tus puntuaciones
No has intentado esta prueba desde el último reinicio